The Implicit Function Theorem : History, Theory, and Applications /

Збережено в:
Бібліографічні деталі
Автор: Krantz, Steven George (autor)
Інші автори: Parks, Harold R. (autor) (autor)
Формат: Книга
Мова:Англійська
Опубліковано: Boston, EUA : Birkhäuser, 2002, c2002
Предмети:
Теги: Додати тег
Немає тегів, Будьте першим, хто поставить тег для цього запису!

MARC

LEADER 00000nam^a2200000^a^4500
001 000136754
005 20250521000000.0
009 20260310095329.788
020 |a 0-8176-4285-4 
037 |a Acervo ITESO - Biblioteca 
041 |a ING 
082 |a 510. 1  |b KRA 
100 |a Krantz, Steven George  |e (autor) 
245 1 4 |a The Implicit Function Theorem :  |b History, Theory, and Applications /  |c S.G. Krantz, H.R. Parks. 
264 4 |a Boston, EUA :  |b Birkhäuser,  |c 2002, c2002 
300 |a XI, 163 p. 
336 |a texto  |b txt  |2 rdacontenido 
337 |a sin mediación  |b n  |2 rdamedio 
338 |a volumen  |b nc  |2 rdasoporte 
649 |a XX 
650 |a Ecuaciones Diferenciales 
650 |a Funciones (Matemáticas) 
650 |a Geometría Analítica 
650 |a Geometría Diferencial 
650 |a Matemáticas -  |x Historia 
650 |a Matemáticas -  |x Teoría 
700 |a Parks, Harold R.  |e (autor) 
910 |a Fondo General 
920 |a Impresos - Libros 
930 |a Colección General 
905 |a 101 
901 |a 0500065416  |b IT1  |c ACC  |u 20250521 
902 |a https://opac.biblio.iteso.mx/vufind/Record/000136754